Catálogo
 En Linea

Comentarios y recomendaciones sobre pensiones para el proyecto de Ley de reformas de la seguridad social en la República Dominicana. / (Registro nro. 52362)

Detalles MARC
000 -CABECERA
campo de control de longitud fija 01204nam a2200301 a 4500
003 - IDENTIFICADOR DEL NÚMERO DE CONTROL
campo de control DO-SdBNP
005 - FECHA Y HORA DE LA ÚLTIMA TRANSACCIÓN
campo de control 20250526113050.0
007 - CAMPO FIJO DE DESCRIPCIÓN FÍSICA--INFORMACIÓN GENERAL
campo de control de longitud fija ta
008 - DATOS DE LONGITUD FIJA--INFORMACIÓN GENERAL
campo de control de longitud fija 220908e2020 dr ad||fr|||| 001 0 spa d
020 ## - NÚMERO INTERNACIONAL ESTÁNDAR DEL LIBRO
Número Internacional Estándar del Libro 9789945929843
040 ## - FUENTE DE LA CATALOGACIÓN
Centro catalogador/agencia de origen DO-SdBNP
Lengua de catalogación spa
Centro/agencia transcriptor BNPHU
082 #4 - NÚMERO DE LA CLASIFICACIÓN DECIMAL DEWEY
Número de edición 22
Número de documento/Ítem M578c
100 1# - ENTRADA PRINCIPAL--NOMBRE DE PERSONA
9 (RLIN) 30930
Nombre de persona Mesa-Lago, Carmelo
245 10 - MENCIÓN DE TÍTULO
Título Comentarios y recomendaciones sobre pensiones para el proyecto de Ley de reformas de la seguridad social en la República Dominicana. /
Mención de responsabilidad, etc. Carmelo Mesa-Lago; Editor, Yesko quiroga Stöllger
260 ## - PUBLICACIÓN, DISTRIBUCIÓN, ETC.
Lugar de publicación, distribución, etc. Santo Domingo :
Nombre del editor, distribuidor, etc. FRIEDRICH EBERT,
Fecha de publicación, distribución, etc. [2020]
300 ## - DESCRIPCIÓN FÍSICA
Extensión 40 p. :
Otras características físicas il., gráf. ;
Dimensiones 28 cm.
500 ## - NOTA GENERAL
Nota general Incluye bibliografía y notas al pié de páginas.
500 ## - NOTA GENERAL
Nota general Incluye lista de cuadros.
590 ## - NOTA LOCAL (RLIN)
Nota local Inventariado 2022 / MF
650 #4 - PUNTO DE ACCESO ADICIONAL DE MATERIA--TÉRMINO DE MATERIA
9 (RLIN) 79530
Término de materia o nombre geográfico como elemento de entrada República Dominicana
Subdivisión general Ley 87-01 que crea el Sistema Dominicano de Seguridad Social
650 #4 - PUNTO DE ACCESO ADICIONAL DE MATERIA--TÉRMINO DE MATERIA
9 (RLIN) 78840
Término de materia o nombre geográfico como elemento de entrada Seguridad social
Subdivisión geográfica América Latina
650 #4 - PUNTO DE ACCESO ADICIONAL DE MATERIA--TÉRMINO DE MATERIA
Término de materia o nombre geográfico como elemento de entrada Seguridad social
Subdivisión geográfica República Dominicana
9 (RLIN) 2151
650 #0 - PUNTO DE ACCESO ADICIONAL DE MATERIA--TÉRMINO DE MATERIA
Término de materia o nombre geográfico como elemento de entrada Fondo de pensiones
Subdivisión general República Dominicana
9 (RLIN) 15697
700 1# - PUNTO DE ACCESO ADICIONAL--NOMBRE DE PERSONA
Nombre de persona Quiroga Stöllger, Yesko
9 (RLIN) 82330
710 2# - PUNTO DE ACCESO ADICIONAL--NOMBRE DE ENTIDAD CORPORATIVA
9 (RLIN) 66113
Nombre de entidad corporativa o nombre de jurisdicción como elemento de entrada Friedrich Ebert Stiftung.
910 ## - DATOS DE OPCIÓN DEL USUARIO (OCLC)
Datos de opción del usuario MFeliz
942 ## - ELEMENTOS DE PUNTO DE ACCESO ADICIONAL (KOHA)
Fuente del sistema de clasificación o colocación Dewey Decimal Classification
Tipo de ítem Koha Folleto
Existencias
Estado de retiro Estado de pérdida Fuente del sistema de clasificación o colocación Restricciones de uso No para préstamo Código de colección Localización permanente Ubicación/localización actual Ubicación en estantería Fecha de adquisición Fuente de adquisición Signatura topográfica completa Código de barras Fecha visto por última vez Precio válido a partir de Tipo de ítem Koha
    Dewey Decimal Classification Excluido de préstamo   Patrimonio Dominicano Biblioteca Nacional Pedro Henríquez Ureña Biblioteca Nacional Pedro Henríquez Ureña En catalogación 11.08.2021 Depósito legal M578c 2022-3884 08.09.2022 08.09.2022 Folleto

Con tecnología Koha